000 00650nam a22002177a 4500
003 OSt
005 20260518111739.0
008 260518b |||||||| |||| 00| 0 eng d
020 _a0-312-43712-9
040 _cChuka University Library
050 _aPE 1408 .L87 2005
100 _aLunsford A. Andrea
_924979
245 _aThe Everyday Writer
250 _a3
260 _aBoston New York
_bBedford/ ST. Martin`s
300 _a520p
_bVarious illustrations
650 _aEnglish Language ......Rhetoric
_915689
650 _aEnglish Language........ composition and exercises
_924980
650 _aAcademic Writing
_99280
942 _2lcc
_cBK
_n0
999 _c22263
_d22263